Geometry Dash Degree of difficulty - Statistiken

Allgemein
  • Dieses Quiz wurde 18 mal gespielt
  • Das Durchschnittsergebnis liegt bei 6 aus 7
Antwortstatistiken
Hint Antwort % Korrekt
E Easy
100%
H Hard
100%
D Demon
85%
H Harder
69%
I Insane
69%
N Normal
69%
A Auto
62%
Keine übereinstimmenden Quizze gefunden
Verteilung der Resultate
Anzahl Personen mit jedem Resultat
Perzentil nach korrekt beantworteten Fragen
Ihre Resultats-Entwicklung
Sie haben dieses Quiz noch nicht gespielt